Manažment bankových úverových liniek

Bankové úverové limity sú považované za najstaršie nástroje, ktoré používa banka za účelom riadenia rizika úverových expozícií. Faktorom, ktoré ovplyvňujú definovanie limitu pre obchodovanie s bankovou protistranou. Ich klasifikácia. Úverová bonita protistrany a veľkosť jej vlastného imania, legisla...

Descrizione completa

Salvato in:
Dettagli Bibliografici
Autore principale: Dudáková, Nora
Natura: Capitolo di libro
Lingua:slovacco
Soggetti:
Tags: Aggiungi Tag
Nessun Tag, puoi essere il primo ad aggiungerne!!

MARC

LEADER 00000nla$a2200000$$$4500
001 0144882
005 20240502072611.3
041 0 |a slo 
044 |a SK 
245 1 0 |a Manažment bankových úverových liniek  |c Nora Dudáková 
520 |a Bankové úverové limity sú považované za najstaršie nástroje, ktoré používa banka za účelom riadenia rizika úverových expozícií. Faktorom, ktoré ovplyvňujú definovanie limitu pre obchodovanie s bankovou protistranou. Ich klasifikácia. Úverová bonita protistrany a veľkosť jej vlastného imania, legislatívne povolená majetková angažovanosť, charakter, rizikovosť a výnosnosť samotnej transakcie.Objem predchádzajúcej spolupráce, bonita krajiny, v ktorej má partnerská banka sídlo a limity na skupinu. 
610 2 0 |a manažment 
610 2 0 |a úver 
610 2 0 |a bankovníctvo 
610 2 0 |a riadenie rizík 
100 1 |a Dudáková, Nora